书目信息 |
| 题名: |
金圣叹选批唐诗六百首
|
|
| 作者: | 金圣叹 选批 ;戴敦邦 插画 | |
| 分册: | ||
| 出版信息: | 北京 北京联合出版公司 2016 |
|
| 页数: | 34,388页 | |
| 开本: | 21cm | |
| 丛书名: | ||
| 单 册: | ||
| 中图分类: | I207.227.42 | |
| 科图分类: | ||
| 主题词: | 唐诗--tang shi--诗歌评论 | |
| 电子资源: | ||
| ISBN: | 978-7-5502-6923-1 | |
| 000 | 01073nam0 22002531 450 | |
| 001 | 0118172303 | |
| 005 | 20170618172303.0 | |
| 010 | @a978-7-5502-6923-1@b精装@dCNY69.00 | |
| 100 | @a20160512d2016 em y0chiy50 ea | |
| 101 | 0 | @achi |
| 102 | @aCN@b110000 | |
| 105 | @aa z 000yy | |
| 106 | @ar | |
| 200 | 1 | @a金圣叹选批唐诗六百首@Ajin sheng tan xuan pi tang shi liu bai shou@f金圣叹选批@g戴敦邦插画 |
| 210 | @a北京@c北京联合出版公司@d2016 | |
| 215 | @a34,388页@c彩图@d21cm | |
| 300 | @a罗辑思维 | |
| 330 | @a本书以《贯华堂待批唐才子诗甲集》为底本,选录了从初唐杜审言到五代僧人栖一共一百四十五人的七言律诗共六百多首进行了细致点评,着重于揣摹唐人七言律诗的种种谋篇布局、起承转合的模式等,以“分解”的方法,把七言律诗分为前、后两个部分,称之为“前解”、“后解”,在“解”中抒发他的感情、诗评和文学见解。 | |
| 606 | 0 | @a唐诗@Atang shi@x诗歌评论 |
| 690 | @aI207.227.42@v5 | |
| 701 | 0 | @c(清)@a金圣叹@Ajin sheng tan@f(1608~1661)@4选批 |
| 702 | 0 | @a戴敦邦@Adai dun bang@f(1938~)@4插画 |
| 801 | 0 | @aCN@bTANGWEI@c20170615 |
| 905 | @b1009233-8@dI207.227.42@e1025@f6 | |
| 金圣叹选批唐诗六百首/金圣叹选批/戴敦邦插画 .-北京:北京联合出版公司,2016 |
| 34,388页:彩图;21cm |
| 罗辑思维 |
| ISBN 978-7-5502-6923-1(精装):CNY69.00 |
| 本书以《贯华堂待批唐才子诗甲集》为底本,选录了从初唐杜审言到五代僧人栖一共一百四十五人的七言律诗共六百多首进行了细致点评,着重于揣摹唐人七言律诗的种种谋篇布局、起承转合的模式等,以“分解”的方法,把七言律诗分为前、后两个部分,称之为“前解”、“后解”,在“解”中抒发他的感情、诗评和文学见解。 |
| ● |
| 相关链接 |
|
|
|
|
正题名:金圣叹选批唐诗六百首
索取号:I207.227.42/1025
 
预约/预借
| 序号 | 登录号 | 条形码 | 馆藏地/架位号 | 状态 | 备注 |
| 1 | 1009233 | 210092335 | 第一样本阅览室/ [索取号:I207.227.42/1025] | 在馆 | |
| 2 | 1009234 | 210092344 | 教育系资料室/ [索取号:I207.227.42/1025] | 在馆 | |
| 3 | 1009235 | 210092353 | 教育系资料室/ [索取号:I207.227.42/1025] | 在馆 | |
| 4 | 1009236 | 210092362 | 教育系资料室/ [索取号:I207.227.42/1025] | 在馆 | |
| 5 | 1009237 | 210092371 | 第二借阅区/ [索取号:I207.227.42/1025] | 在馆 | |
| 6 | 1009238 | 210092380 | 第二借阅区/ [索取号:I207.227.42/1025] | 在馆 |